[Event "CZE Extraliga 2019-20"]
[Site "Czech Republic"]
[Date "2019.10.12"]
[Round "1.2"]
[White "Pulpan, Jakub"]
[Black "Stocek, Jiri"]
[Result "0-1"]
[WhiteElo "2421"]
[BlackElo "2569"]
[Annotator "ChessBase"]
[PlyCount "158"]
[EventDate "2019.09.15"]
[EventType "team-tourn"]
[EventCountry "CZE"]
[SourceTitle "playchess.com"]
[Source "ChessBase"]
[SourceQuality "1"]
[TimeControl "40/5400+30:1800+30"]

1. Nf3 {[%emt 0:00:00]} Nf6 {[%emt 0:01:20]} 2. b3 {[%emt 0:00:26]} d6 {[%emt 0:04:08]} 3. d4 {[%emt 0:00:47]} Bf5 {[%emt 0:00:43]} 4. Bb2 {[%emt 0:02:00]} Nbd7 {[%emt 0:00:40]} 5. g3 {[%emt 0:04:14]} e5 {[%emt 0:07:37]} 6. c4 {[%emt 0:11:15]} h6 {[%emt 0:05:24]} 7. d5 {[%emt 0:14:12]} Be7 {[%emt 0:06:08]} 8. Bg2 {[%emt 0:01:36]} O-O {[%emt 0:01:29]} 9. O-O {[%emt 0:03:19]} Bh7 {[%emt 0:04:21]} 10. Ne1 {[%emt 0:09:40]} a5 {[%emt 0:14:23]} 11. Nc3 {[%emt 0:04:12]} Nc5 {[%emt 0:00:25]} 12. Nd3 {[%emt 0:06:18]} Nxd3 {[%emt 0:10:04]} 13. exd3 {[%emt 0:00:03]} Nd7 {[%emt 0:00:51]} 14. d4 {[%emt 0:07:44]} exd4 {[%emt 0:03:13]} 15. Qxd4 {[%emt 0:00:30]} Bf6 {[%emt 0:00:12]} 16. Qd2 {[%emt 0:00:52]} Nc5 {[%emt 0:01:20]} 17. Nb5 {[%emt 0:02:31]} Bxb2 {[%emt 0:00:24]} 18. Qxb2 {[%emt 0:00:03]} Re8 {[%emt 0:03:49]} 19. a3 {[%emt 0:02:49]} Qd7 {[%emt 0:04:30]} 20. b4 {[%emt 0:03:25]} Ne4 {[%emt 0:09:49]} 21. Rfe1 {[%emt 0:02:39]} Nf6 {[%emt 0:01:19]} 22. Qd4 {[%emt 0:03:54]} Kf8 {[%emt 0:05:46]} 23. h4 {[%emt 0:01:54]} Bg6 {[%emt 0:02:04]} 24. Rxe8+ {[%emt 0:03:59]} Nxe8 {[%emt 0:00:38]} 25. Re1 {[%emt 0:01:06]} Nf6 {[%emt 0:01:49]} 26. Bf1 {[%emt 0:01:45]} Kg8 {[%emt 0:01:14]} 27. Qe3 {[%emt 0:02:59]} axb4 {[%emt 0:02:50]} 28. axb4 {[%emt 0:00:03]} Re8 {[%emt 0:00:33]} 29. Qd2 {[%emt 0:00:52]} Rxe1 {[%emt 0:01:18]} 30. Qxe1 {[%emt 0:00:03]} Bf5 {[%emt 0:00:43]} 31. Qe3 {[%emt 0:02:01]} Qc8 {[%emt 0:01:32]} 32. Qd4 {[%emt 0:01:43]} Bd7 {[%emt 0:00:12]} 33. c5 {[%emt 0:01:47]} Bxb5 {[%emt 0:00:41]} 34. Bxb5 {[%emt 0:00:03]} Qf5 {[%emt 0:01:13]} 35. cxd6 {[%emt 0:01:52]} cxd6 {[%emt 0:00:12]} 36. Bc4 {[%emt 0:02:27]} Qf3 {[%emt 0:01:40]} 37. Qb6 {[%emt 0:01:55]} Ng4 {[%emt 0:01:17]} 38. Qd4 {[%emt 0:01:21]} Ne5 {[%emt 0:00:34]} 39. Bf1 {[%emt 0:00:22]} Qb3 {[%emt 0:00:54]} 40. Be2 {[%emt 0:00:47]} Qc2 {[%emt 0:01:27]} 41. Kf1 {[%emt 0:00:58]} Qb1+ {[%emt 0:12:06]} 42. Kg2 {[%emt 0:00:43]} Qe1 {[%emt 0:02:17]} 43. Bd1 {[%emt 0:04:15]} Nd7 {[%emt 0:11:31]} 44. Bg4 {[%emt 0:03:23]} Nf6 {[%emt 0:01:37]} 45. Bf3 {[%emt 0:00:40]} h5 {[%emt 0:01:00]} 46. Qc4 {[%emt 0:00:56]} Qe7 {[%emt 0:01:27]} 47. Qc8+ {[%emt 0:01:25]} Kh7 {[%emt 0:00:06]} 48. b5 {[%emt 0:01:00]} g6 {[%emt 0:00:16]} 49. b6 {[%emt 0:00:33]} Kg7 {[%emt 0:00:58]} 50. Qc7 {[%emt 0:01:15]} Kf8 {[%emt 0:00:56]} 51. Kf1 {[%emt 0:00:40]} Qd7 {[%emt 0:00:31]} 52. Qb8+ {[%emt 0:05:35]} Ke7 {[%emt 0:00:18]} 53. Kg2 {[%emt 0:00:27]} Qb5 {[%emt 0:01:26]} 54. Qxb7+ {[%emt 0:00:55]} Nd7 {[%emt 0:00:06]} 55. g4 {[%emt 0:02:22]} hxg4 {[%emt 0:00:57]} 56. Bxg4 {[%emt 0:00:06]} f5 {[%emt 0:00:04]} 57. Bf3 {[%emt 0:00:49]} Qxb6 {[%emt 0:00:09]} 58. Qc8 {[%emt 0:00:35]} Qd4 {[%emt 0:00:57]} 59. Qg8 {[%emt 0:04:12]} Qf6 {[%emt 0:00:19]} 60. Qh7+ {[%emt 0:01:52]} Kd8 {[%emt 0:02:02]} 61. Be2 {[%emt 0:03:00]} Nf8 {[%emt 0:00:14]} 62. Qa7 {[%emt 0:01:11]} Qxh4 {[%emt 0:00:37]} 63. Qb8+ {[%emt 0:00:36]} Ke7 {[%emt 0:00:07]} 64. Bb5 {[%emt 0:01:06]} Qg4+ {[%emt 0:00:46]} 65. Kh2 {[%emt 0:01:55]} Qf4+ {[%emt 0:00:13]} 66. Kg2 {[%emt 0:00:15]} Kf7 {[%emt 0:01:29]} 67. Be8+ {[%emt 0:01:58]} Kg8 {[%emt 0:00:12]} 68. Bc6 {[%emt 0:00:41]} Qg5+ 69. Kf1 {[%emt 0:00:27]} Qe7 {[%emt 0:00:37]} 70. Qa8 {[%emt 0:00:47]} Kf7 {[%emt 0:00:34]} 71. Qa1 {[%emt 0:00:25]} Nh7 {[%emt 0:00:32]} 72. Qh8 {[%emt 0:00:28]} Nf6 {[%emt 0:00:09]} 73. Qb8 {[%emt 0:00:37]} g5 {[%emt 0:00:36]} 74. Qh8 {[%emt 0:00:25]} Kg6 {[%emt 0:00:21]} 75. Qb8 {[%emt 0:00:37]} g4 {[%emt 0:00:23]} 76. Qh8 {[%emt 0:00:51]} f4 {[%emt 0:01:03]} 77. Qb8 {[%emt 0:00:29]} Kg5 {[%emt 0:00:58]} 78. Qh8 {[%emt 0:00:07]} f3 {[%emt 0:00:38]} 79. Bb5 {[%emt 0:00:07]} Qa7 {[%emt 0:00:57]} 0-1

[Event "CZE Extraliga 2019-20"]
[Site "Czech Republic"]
[Date "2019.10.12"]
[Round "1.3"]
[White "SLA5 Heberla Bartlomiej GM"]
[Black "DPP6 Burdalev Kirill FM"]
[Result "1-0"]
[WhiteElo "2552"]
[BlackElo "2406"]
[Annotator "ChessBase"]
[PlyCount "65"]
[EventDate "2019.09.15"]
[EventType "team-tourn"]
[EventCountry "CZE"]
[SourceTitle "playchess.com"]
[Source "ChessBase"]
[SourceQuality "1"]
[TimeControl "40/5400+30:1800+30"]

1. e4 {[%emt 0:00:00]} c6 {[%emt 0:00:00]} 2. d4 {[%emt 0:00:00]} d5 {[%emt 0:00:00]} 3. exd5 {[%emt 0:00:15]} cxd5 {[%emt 0:00:00]} 4. Bd3 {[%emt 0:00:06]} Nc6 {[%emt 0:00:05]} 5. c3 {[%emt 0:00:05]} Qc7 {[%emt 0:00:31]} 6. Ne2 {[%emt 0:00:07]} Bg4 {[%emt 0:00:45]} 7. O-O {[%emt 0:00:05]} e6 {[%emt 0:08:51]} 8. Qe1 {[%emt 0:00:07]} Bh5 {[%emt 0:00:52]} 9. Nf4 {[%emt 0:10:29]} Nf6 {[%emt 0:00:04]} 10. Nxh5 {[%emt 0:00:41]} Nxh5 {[%emt 0:00:07]} 11. g3 {[%emt 0:00:16]} g6 {[%emt 0:07:03]} 12. f4 {[%emt 0:11:00]} Be7 {[%emt 0:01:45]} 13. Nd2 {[%emt 0:00:29]} Ng7 {[%emt 0:04:44]} 14. Nf3 {[%emt 0:00:10]} h5 {[%emt 0:00:19]} 15. Ne5 {[%emt 0:01:59]} Nf5 {[%emt 0:01:05]} 16. Bd2 {[%emt 0:03:05]} Kf8 {[%emt 0:02:00]} 17. Nxg6+ {[%emt 0:18:36]} fxg6 {[%emt 0:00:37]} 18. Qxe6 {[%emt 0:00:03]} Qd6 {[%emt 0:04:44]} 19. Bxf5 {[%emt 0:00:33]} gxf5 {[%emt 0:00:02]} 20. Qxf5+ {[%emt 0:00:09]} Kg7 {[%emt 0:00:02]} 21. Rae1 {[%emt 0:01:07]} Raf8 {[%emt 0:00:08]} 22. Qh3 {[%emt 0:00:08]} Bf6 {[%emt 0:26:28]} 23. f5 {[%emt 0:01:55]} Nd8 {[%emt 0:04:30]} 24. Bf4 {[%emt 0:02:48]} Qb6 {[%emt 0:00:23]} 25. g4 {[%emt 0:01:18]} Rfg8 {[%emt 0:08:16]} 26. g5 {[%emt 0:03:06]} Kf8 {[%emt 0:04:08]} 27. Qe3 {[%emt 0:01:55]} Kf7 {[%emt 0:04:53]} 28. Kh1 {[%emt 0:01:48]} Qxb2 {[%emt 0:02:09]} 29. Rb1 {[%emt 0:08:18]} Qa3 {[%emt 0:04:02]} 30. Rxb7+ {[%emt 0:00:54]} Be7 {[%emt 0:02:38]} 31. Rd7 {[%emt 0:04:09]} Ke8 {[%emt 0:01:05]} 32. Bd6 {[%emt 0:00:34]} Kxd7 {[%emt 0:00:44]} 33. Qxe7+ {[%emt 0:00:05]} 1-0

[Event "CZE Extraliga 2019-20"]
[Site "Czech Republic"]
[Date "2019.10.12"]
[Round "1.3"]
[White "Shevchenko, Kirill"]
[Black "Fedorov, Alexei"]
[Result "0-1"]
[WhiteElo "2542"]
[BlackElo "2551"]
[Annotator "ChessBase"]
[PlyCount "114"]
[EventDate "2019.09.15"]
[EventType "team-tourn"]
[EventCountry "CZE"]
[SourceTitle "playchess.com"]
[Source "ChessBase"]
[SourceQuality "1"]
[WhiteTeam "Pardubice"]
[TimeControl "40/5400+30:1800+30"]

1. d4 {[%emt 0:00:00]} Nf6 {[%emt 0:00:00]} 2. c4 {[%emt 0:00:00]} g6 {[%emt 0:00:00]} 3. Nc3 {[%emt 0:00:00]} Bg7 {[%emt 0:00:00]} 4. e4 {[%emt 0:00:00]} d6 {[%emt 0:00:00]} 5. Nf3 {[%emt 0:00:00]} O-O {[%emt 0:00:07]} 6. Be3 {[%emt 0:00:00]} e5 {[%emt 0:01:23]} 7. dxe5 {[%emt 0:00:35]} dxe5 {[%emt 0:00:11]} 8. Qc2 {[%emt 0:00:09]} Nc6 {[%emt 0:07:00]} 9. Rd1 {[%emt 0:02:40]} Bd7 {[%emt 0:01:15]} 10. Be2 {[%emt 0:18:52]} Qc8 {[%emt 0:00:42]} 11. h3 {[%emt 0:10:36]} Be6 {[%emt 0:06:02]} 12. Nd5 {[%emt 0:02:59]} Nd7 {[%emt 0:07:50]} 13. h4 {[%emt 0:08:36]} Bg4 {[%emt 0:11:41]} 14. h5 {[%emt 0:05:31]} Bxf3 {[%emt 0:10:44]} 15. Bxf3 {[%emt 0:02:24]} Re8 {[%emt 0:01:42]} 16. hxg6 {[%emt 0:13:54]} hxg6 {[%emt 0:00:17]} 17. Bg5 {[%emt 0:01:08]} Nd4 {[%emt 0:07:38]} 18. Qc3 {[%emt 0:02:33]} c6 {[%emt 0:04:47]} 19. Ne7+ {[%emt 0:01:11]} Rxe7 {[%emt 0:00:06]} 20. Bxe7 {[%emt 0:00:03]} Qe8 {[%emt 0:03:08]} 21. Bg5 {[%emt 0:02:37]} Nc5 {[%emt 0:04:51]} 22. b3 {[%emt 0:09:18]} f5 {[%emt 0:11:08]} 23. Bh6 {[%emt 0:10:08]} Bf6 {[%emt 0:03:24]} 24. Bc1 {[%emt 0:01:24]} Rd8 {[%emt 0:08:47]} 25. Ba3 {[%emt 0:02:39]} Nce6 {[%emt 0:01:19]} 26. Bc1 {[%emt 0:07:18]} f4 {[%emt 0:05:53]} 27. Bg4 {[%emt 0:00:00]} Ng5 {[%emt 0:00:35]} 28. f3 {[%emt 0:00:00]} Be7 {[%emt 0:00:58]} 29. a3 {[%emt 0:00:00]} c5 {[%emt 0:00:15]} 30. Kf2 {[%emt 0:00:00]} Qc6 {[%emt 0:00:19]} 31. Bb2 {[%emt 0:00:07]} Nh7 {[%emt 0:01:25]} 32. Rd3 {[%emt 0:00:30]} Nf6 {[%emt 0:00:16]} 33. Bh3 {[%emt 0:00:02]} b6 {[%emt 0:00:22]} 34. Rc1 {[%emt 0:01:14]} Kg7 {[%emt 0:00:11]} 35. Qe1 {[%emt 0:00:27]} a5 {[%emt 0:01:07]} 36. Kf1 {[%emt 0:00:31]} Rh8 {[%emt 0:00:28]} 37. Bxd4 {[%emt 0:00:06]} cxd4 {[%emt 0:00:24]} 38. Kg1 {[%emt 0:00:55]} Bxa3 {[%emt 0:00:14]} 39. c5 {[%emt 0:00:28]} Bxc1 {[%emt 0:00:27]} 40. Qxc1 {[%emt 0:00:17]} Qxc5 {[%emt 0:00:19]} 41. Qa1 {[%emt 0:30:25]} Re8 {[%emt 0:04:35]} 42. Rd1 {[%emt 0:00:00]} d3+ {[%emt 0:01:19]} 43. Kh2 {[%emt 0:00:00]} Rd8 {[%emt 0:01:19]} 44. Rc1 {[%emt 0:00:00]} Qd6 {[%emt 0:01:15]} 45. Qc3 {[%emt 0:00:00]} d2 {[%emt 0:05:05]} 46. Rd1 {[%emt 0:00:00]} Kf8 {[%emt 0:04:20]} 47. Qc4 {[%emt 0:00:00]} Qc5 {[%emt 0:00:40]} 48. Qe2 {[%emt 0:00:00]} Qb4 {[%emt 0:02:39]} 49. Be6 {[%emt 0:00:00]} Ke7 {[%emt 0:02:12]} 50. Bh3 {[%emt 0:00:00]} b5 {[%emt 0:02:04]} 51. Qf2 {[%emt 0:00:00]} Qd4 {[%emt 0:01:09]} 52. Qe2 {[%emt 0:00:00]} Qd3 {[%emt 0:00:09]} 53. Qf2 {[%emt 0:00:00]} Qe3 {[%emt 0:00:13]} 54. Qh4 {[%emt 0:00:00]} Kf7 {[%emt 0:00:27]} 55. Qg5 {[%emt 0:00:00]} Re8 {[%emt 0:00:37]} 56. Ra1 {[%emt 0:00:00]} Qe1 {[%emt 0:00:18]} 57. Rxa5 {[%emt 0:00:00]} Qg3+ {[%emt 0:00:05]} 0-1

[Event "CZE Extraliga 2019-20"]
[Site "Czech Republic"]
[Date "2019.10.12"]
[Round "1.3"]
[White "Cyborowski, Lukasz"]
[Black "Markos, Jan"]
[Result "1/2-1/2"]
[WhiteElo "2501"]
[BlackElo "2572"]
[Annotator "ChessBase"]
[PlyCount "54"]
[EventDate "2019.09.15"]
[EventType "team-tourn"]
[EventCountry "CZE"]
[SourceTitle "playchess.com"]
[Source "ChessBase"]
[SourceQuality "1"]
[WhiteTeam "Turnov"]
[BlackTeam "Kromeriz"]
[TimeControl "40/5400+30:1800+30"]

1. c4 {[%emt 0:00:00]} Nf6 {[%emt 0:00:09]} 2. Nc3 {[%emt 0:00:12]} g6 {[%emt 0:03:09]} 3. g3 {[%emt 0:03:17]} Bg7 {[%emt 0:01:17]} 4. Bg2 {[%emt 0:00:06]} O-O {[%emt 0:00:06]} 5. Nf3 {[%emt 0:02:03]} d5 {[%emt 0:02:10]} 6. cxd5 {[%emt 0:04:51]} Nxd5 {[%emt 0:00:10]} 7. O-O {[%emt 0:00:11]} c5 {[%emt 0:06:15]} 8. Nxd5 {[%emt 0:11:00]} Qxd5 {[%emt 0:00:18]} 9. d3 {[%emt 0:00:11]} Nc6 {[%emt 0:03:32]} 10. Be3 {[%emt 0:06:40]} Qd6 {[%emt 0:29:48]} 11. Rc1 {[%emt 0:09:56]} Nd4 {[%emt 0:00:28]} 12. Nxd4 {[%emt 0:11:36]} cxd4 {[%emt 0:02:01]} 13. Bf4 {[%emt 0:00:20]} e5 {[%emt 0:01:44]} 14. Bd2 {[%emt 0:00:05]} a5 {[%emt 0:06:36]} 15. b4 {[%emt 0:13:53]} axb4 {[%emt 0:03:18]} 16. Qb3 {[%emt 0:01:38]} Be6 {[%emt 0:03:45]} 17. Qxb4 {[%emt 0:01:04]} Qd7 {[%emt 0:05:37]} 18. a3 {[%emt 0:00:41]} Rfb8 {[%emt 0:02:14]} 19. Qb2 {[%emt 0:01:39]} Bf8 {[%emt 0:03:26]} 20. Bb4 {[%emt 0:03:14]} Qb5 {[%emt 0:00:53]} 21. Rb1 {[%emt 0:03:36]} Bxb4 {[%emt 0:00:30]} 22. Qxb4 {[%emt 0:00:05]} Qxb4 {[%emt 0:00:05]} 23. Rxb4 {[%emt 0:00:04]} Rxa3 {[%emt 0:00:08]} 24. Rxb7 {[%emt 0:00:07]} Rxb7 {[%emt 0:00:52]} 25. Bxb7 {[%emt 0:00:05]} Ra2 {[%emt 0:03:48]} 26. Re1 {[%emt 0:04:50]} Rb2 {[%emt 0:05:12]} 27. Bc6 {[%emt 0:00:52]} Kg7 {[%emt 0:00:55]} 1/2-1/2

[Event "CZE Extraliga 2019-20"]
[Site "Czech Republic"]
[Date "2019.10.12"]
[Round "1.3"]
[White "Roubalik, Jakub"]
[Black "UNI4 Bernasek Jan GM"]
[Result "0-1"]
[WhiteElo "2410"]
[BlackElo "2490"]
[Annotator "ChessBase"]
[PlyCount "56"]
[EventDate "2019.09.15"]
[EventType "team-tourn"]
[EventCountry "CZE"]
[SourceTitle "playchess.com"]
[Source "ChessBase"]
[SourceQuality "1"]
[WhiteTeam "Duras"]
[TimeControl "40/5400+30:1800+30"]

1. d4 {[%emt 0:00:00]} Nf6 {[%emt 0:01:05]} 2. c4 {[%emt 0:00:00]} e6 {[%emt 0:00:32]} 3. Nf3 {[%emt 0:00:00]} b6 {[%emt 0:02:15]} 4. a3 {[%emt 0:00:12]} d5 {[%emt 0:03:25]} 5. cxd5 {[%emt 0:01:56]} exd5 {[%emt 0:00:08]} 6. Nc3 {[%emt 0:00:11]} Be7 {[%emt 0:01:04]} 7. Bf4 {[%emt 0:05:15]} O-O {[%emt 0:01:33]} 8. e3 {[%emt 0:01:48]} Bb7 {[%emt 0:05:12]} 9. Bd3 {[%emt 0:03:26]} c5 {[%emt 0:04:39]} 10. O-O {[%emt 0:04:33]} Nc6 {[%emt 0:03:06]} 11. Re1 {[%emt 0:07:28]} Re8 {[%emt 0:03:38]} 12. Ne5 {[%emt 0:10:57]} cxd4 {[%emt 0:08:08]} 13. Nxc6 {[%emt 0:01:32]} Bxc6 {[%emt 0:00:00]} 14. exd4 {[%emt 0:00:00]} Qd7 {[%emt 0:02:00]} 15. Qf3 {[%emt 0:02:09]} b5 16. Bg5 {[%emt 0:13:09]} h6 {[%emt 0:12:34]} 17. Bf5 {[%emt 0:09:59]} Qb7 {[%emt 0:02:51]} 18. Bh4 {[%emt 0:10:54]} a5 {[%emt 0:03:24]} 19. Bc2 {[%emt 0:12:56]} g5 {[%emt 0:08:02]} 20. Bg3 {[%emt 0:03:23]} b4 {[%emt 0:02:42]} 21. Nd1 {[%emt 0:01:42]} Ne4 {[%emt 0:15:43]} 22. Ne3 {[%emt 0:00:34]} Bf8 {[%emt 0:00:17]} 23. Qf5 {[%emt 0:05:46]} Bg7 {[%emt 0:01:51]} 24. Bxe4 {[%emt 0:03:28]} dxe4 {[%emt 0:05:33]} 25. Ng4 {[%emt 0:00:34]} Bd7 {[%emt 0:00:20]} 26. Nf6+ {[%emt 0:00:32]} Bxf6 {[%emt 0:00:06]} 27. Qxf6 {[%emt 0:00:02]} Ra6 {[%emt 0:00:09]} 28. Bd6 {[%emt 0:00:36]} Qd5 {[%emt 0:00:38]} 0-1

[Event "CZE Extraliga 2019-20"]
[Site "Czech Republic"]
[Date "2019.10.12"]
[Round "1.4"]
[White "Jurcik, Marian"]
[Black "Cerveny, Martin"]
[Result "1-0"]
[WhiteElo "2486"]
[BlackElo "2350"]
[Annotator "ChessBase"]
[PlyCount "203"]
[EventDate "2019.09.15"]
[EventType "team-tourn"]
[EventCountry "CZE"]
[SourceTitle "playchess.com"]
[Source "ChessBase"]
[SourceQuality "1"]
[BlackTeam "Duras"]
[TimeControl "40/5400+30:1800+30"]

1. e4 {[%emt 0:00:00]} c5 {[%emt 0:00:00]} 2. Nf3 {[%emt 0:02:19]} d6 {[%emt 0:00:00]} 3. Bb5+ {[%emt 0:02:58]} Nd7 {[%emt 0:00:38]} 4. O-O {[%emt 0:00:50]} a6 {[%emt 0:00:42]} 5. Bd3 {[%emt 0:04:32]} Ngf6 {[%emt 0:05:37]} 6. Re1 {[%emt 0:00:31]} Ne5 {[%emt 0:09:34]} 7. Nxe5 {[%emt 0:01:41]} dxe5 {[%emt 0:00:05]} 8. a4 {[%emt 0:01:30]} Bg4 {[%emt 0:06:20]} 9. Be2 {[%emt 0:02:12]} Bd7 {[%emt 0:01:44]} 10. d3 {[%emt 0:02:43]} Qc7 {[%emt 0:02:55]} 11. b3 {[%emt 0:04:08]} Rd8 {[%emt 0:04:56]} 12. a5 {[%emt 0:06:25]} Bc6 {[%emt 0:03:08]} 13. Nd2 {[%emt 0:02:20]} e6 {[%emt 0:05:10]} 14. Bb2 {[%emt 0:00:36]} Be7 {[%emt 0:01:06]} 15. Qc1 {[%emt 0:01:09]} Nd7 {[%emt 0:02:40]} 16. Nc4 {[%emt 0:02:51]} O-O {[%emt 0:02:57]} 17. Qe3 {[%emt 0:01:21]} Bb5 {[%emt 0:00:26]} 18. Nd2 {[%emt 0:08:06]} Bd6 {[%emt 0:14:33]} 19. Qh3 {[%emt 0:07:47]} Nb8 {[%emt 0:03:56]} 20. Bd1 {[%emt 0:08:51]} Qe7 {[%emt 0:01:15]} 21. f4 {[%emt 0:08:05]} exf4 {[%emt 0:03:01]} 22. e5 {[%emt 0:00:17]} Bc7 {[%emt 0:00:02]} 23. Ne4 {[%emt 0:01:37]} Nd7 {[%emt 0:03:47]} 24. Qh5 {[%emt 0:18:57]} f6 {[%emt 0:08:18]} 25. exf6 {[%emt 0:01:35]} gxf6 {[%emt 0:00:27]} 26. Nf2 {[%emt 0:05:23]} e5 {[%emt 0:03:28]} 27. Bf3 {[%emt 0:00:55]} Rb8 {[%emt 0:04:26]} 28. Bd5+ {[%emt 0:02:08]} Kh8 {[%emt 0:00:12]} 29. Qf3 {[%emt 0:00:01]} Qd6 {[%emt 0:02:06]} 30. Re2 {[%emt 0:01:47]} Bc6 {[%emt 0:00:39]} 31. Bxc6 {[%emt 0:00:27]} bxc6 {[%emt 0:00:22]} 32. Ne4 {[%emt 0:00:37]} Qd5 {[%emt 0:02:12]} 33. Qh3 {[%emt 0:00:21]} Qf7 {[%emt 0:01:35]} 34. Qf5 {[%emt 0:01:05]} Rg8 {[%emt 0:02:53]} 35. Bc3 {[%emt 0:00:31]} Rg7 {[%emt 0:00:34]} 36. Rf1 {[%emt 0:00:26]} Re8 {[%emt 0:02:13]} 37. Kh1 {[%emt 0:00:50]} Qg6 {[%emt 0:02:13]} 38. Qh3 {[%emt 0:00:02]} Kg8 {[%emt 0:00:38]} 39. Nd2 {[%emt 0:00:52]} h5 {[%emt 0:01:16]} 40. Qf3 {[%emt 0:00:31]} Qg4 {[%emt 0:00:38]} 41. Qxg4 {[%emt 0:03:20]} hxg4 {[%emt 0:01:09]} 42. Rxf4 {[%emt 0:01:56]} Kf7 {[%emt 0:03:41]} 43. Rf1 {[%emt 0:05:21]} Ke6 {[%emt 0:00:43]} 44. g3 {[%emt 0:01:25]} Bd6 {[%emt 0:00:18]} 45. Nc4 {[%emt 0:01:13]} Be7 {[%emt 0:01:30]} 46. Kg1 {[%emt 0:06:34]} Reg8 {[%emt 0:06:22]} 47. Rff2 {[%emt 0:02:03]} Nf8 {[%emt 0:01:20]} 48. Kf1 {[%emt 0:05:39]} Kd7 {[%emt 0:01:08]} 49. Re4 {[%emt 0:01:19]} Ne6 {[%emt 0:00:39]} 50. Ne3 {[%emt 0:02:28]} Rg6 {[%emt 0:01:51]} 51. Rf5 {[%emt 0:01:47]} Nd4 {[%emt 0:01:46]} 52. Rh5 {[%emt 0:01:03]} Ke6 {[%emt 0:00:57]} 53. Bxd4 {[%emt 0:01:03]} cxd4 {[%emt 0:00:05]} 54. Nc4 {[%emt 0:00:44]} Bf8 {[%emt 0:02:14]} 55. Rh7 {[%emt 0:00:55]} Bg7 {[%emt 0:01:01]} 56. Re2 {[%emt 0:00:39]} Rh6 {[%emt 0:02:25]} 57. Rxh6 {[%emt 0:00:09]} Bxh6 {[%emt 0:00:02]} 58. Kg2 {[%emt 0:00:47]} Bf8 {[%emt 0:00:22]} 59. h3 {[%emt 0:00:54]} gxh3+ {[%emt 0:00:27]} 60. Kxh3 {[%emt 0:00:01]} Bb4 {[%emt 0:00:18]} 61. Re4 {[%emt 0:00:36]} Be7 {[%emt 0:02:17]} 62. Kg2 {[%emt 0:00:59]} Rb8 {[%emt 0:01:34]} 63. Rh4 {[%emt 0:00:33]} Rg8 {[%emt 0:06:32]} 64. Kf3 {[%emt 0:00:13]} f5 {[%emt 0:00:44]} 65. Rh7 {[%emt 0:00:39]} Re8 {[%emt 0:00:33]} 66. Rh6+ {[%emt 0:00:45]} Bf6 {[%emt 0:00:09]} 67. Rh7 {[%emt 0:00:22]} Be7 {[%emt 0:00:06]} 68. g4 {[%emt 0:00:33]} fxg4+ {[%emt 0:00:45]} 69. Kxg4 {[%emt 0:00:01]} Bc5 {[%emt 0:01:18]} 70. Kf3 {[%emt 0:00:59]} Rf8+ {[%emt 0:00:46]} 71. Ke2 {[%emt 0:00:03]} Kd5 {[%emt 0:01:03]} 72. Rd7+ {[%emt 0:00:37]} Ke6 {[%emt 0:00:05]} 73. Rc7 {[%emt 0:00:36]} Kd5 {[%emt 0:00:13]} 74. Rd7+ {[%emt 0:00:15]} Ke6 {[%emt 0:00:05]} 75. Rc7 {[%emt 0:00:03]} Kd5 {[%emt 0:00:05]} 76. Rh7 {[%emt 0:01:35]} Rg8 {[%emt 0:00:20]} 77. Rh5 {[%emt 0:00:31]} Bd6 {[%emt 0:01:42]} 78. Nb6+ {[%emt 0:00:25]} Kc5 {[%emt 0:00:26]} 79. Nc4 {[%emt 0:00:34]} Bc7 {[%emt 0:00:26]} 80. Rh7 {[%emt 0:00:20]} Rc8 {[%emt 0:02:06]} 81. Re7 {[%emt 0:00:33]} Kb5 {[%emt 0:01:07]} 82. Kd1 {[%emt 0:00:31]} Kb4 {[%emt 0:00:21]} 83. Kd2 {[%emt 0:00:17]} Kb5 {[%emt 0:00:09]} 84. Kc1 {[%emt 0:00:14]} Kc5 {[%emt 0:00:27]} 85. Kb2 {[%emt 0:00:28]} Kb4 {[%emt 0:00:30]} 86. Re6 {[%emt 0:01:08]} Bxa5 {[%emt 0:00:55]} 87. Rxe5 {[%emt 0:00:28]} Bc7 {[%emt 0:00:43]} 88. Re7 {[%emt 0:00:29]} a5 {[%emt 0:00:25]} 89. Re4 {[%emt 0:00:28]} c5 {[%emt 0:00:30]} 90. Na3 {[%emt 0:00:29]} a4 {[%emt 0:00:38]} 91. c3+ {[%emt 0:00:31]} Ka5 {[%emt 0:00:02]} 92. Nc4+ {[%emt 0:00:28]} Kb5 {[%emt 0:00:26]} 93. cxd4 {[%emt 0:00:31]} axb3 {[%emt 0:00:28]} 94. d5 {[%emt 0:00:34]} Rd8 {[%emt 0:00:47]} 95. Ne3 {[%emt 0:00:24]} Bg3 {[%emt 0:00:41]} 96. Nd1 {[%emt 0:00:37]} Kb6 {[%emt 0:00:59]} 97. Nc3 {[%emt 0:00:31]} Bf2 {[%emt 0:00:02]} 98. Re6+ {[%emt 0:00:20]} Ka5 {[%emt 0:00:12]} 99. Kxb3 {[%emt 0:00:29]} Bd4 {[%emt 0:00:12]} 100. Ne4 {[%emt 0:00:39]} Rxd5 {[%emt 0:00:32]} 101. Nd2 {[%emt 0:00:28]} c4+ {[%emt 0:01:30]} 102. Kxc4 {[%emt 0:00:08]} 1-0

[Event "CZE Extraliga 2019-20"]
[Site "Czech Republic"]
[Date "2019.10.12"]
[Round "1.4"]
[White "Malinovsky, Karel"]
[Black "Simacek, Pavel"]
[Result "1/2-1/2"]
[WhiteElo "2478"]
[BlackElo "2481"]
[Annotator "ChessBase"]
[PlyCount "54"]
[EventDate "2019.09.15"]
[EventType "team-tourn"]
[EventCountry "CZE"]
[SourceTitle "playchess.com"]
[Source "ChessBase"]
[SourceQuality "1"]
[WhiteTeam "Kromeriz"]
[BlackTeam "Turnov"]
[TimeControl "40/5400+30:1800+30"]

1. e4 {[%emt 0:00:00]} e5 {[%emt 0:00:00]} 2. Nf3 {[%emt 0:00:00]} Nc6 {[%emt 0:00:00]} 3. Bb5 {[%emt 0:00:00]} a6 {[%emt 0:00:00]} 4. Ba4 {[%emt 0:00:00]} Nf6 {[%emt 0:00:02]} 5. O-O {[%emt 0:00:41]} Nxe4 {[%emt 0:00:06]} 6. d4 {[%emt 0:00:14]} b5 {[%emt 0:00:15]} 7. Bb3 {[%emt 0:00:09]} d5 {[%emt 0:00:03]} 8. dxe5 {[%emt 0:00:20]} Be6 {[%emt 0:00:03]} 9. Nbd2 {[%emt 0:00:54]} Bc5 {[%emt 0:01:12]} 10. Nxe4 {[%emt 0:06:25]} dxe4 {[%emt 0:00:06]} 11. Ng5 {[%emt 0:00:07]} Qxd1 {[%emt 0:04:13]} 12. Rxd1 {[%emt 0:00:51]} Bxb3 {[%emt 0:00:04]} 13. axb3 {[%emt 0:00:08]} Bb6 {[%emt 0:00:17]} 14. Be3 {[%emt 0:07:12]} Bxe3 {[%emt 0:18:49]} 15. fxe3 {[%emt 0:00:08]} Nxe5 {[%emt 0:00:05]} 16. Rd5 {[%emt 0:16:16]} Ng4 {[%emt 0:00:14]} 17. h3 {[%emt 0:05:01]} Nxe3 {[%emt 0:01:21]} 18. Rc5 {[%emt 0:07:15]} h6 {[%emt 0:11:24]} 19. Nxe4 {[%emt 0:06:44]} O-O-O {[%emt 0:02:36]} 20. Rxa6 {[%emt 0:13:49]} Kb7 {[%emt 0:01:52]} 21. Ra1 {[%emt 0:02:08]} Kb6 {[%emt 0:00:28]} 22. c4 {[%emt 0:08:53]} c6 {[%emt 0:00:22]} 23. cxb5 {[%emt 0:00:44]} cxb5 {[%emt 0:01:16]} 24. Rac1 {[%emt 0:04:26]} Rd1+ {[%emt 0:02:03]} 25. Rxd1 {[%emt 0:01:01]} Nxd1 {[%emt 0:00:04]} 26. Rf5 {[%emt 0:04:57]} f6 {[%emt 0:03:42]} 27. Nc3 {[%emt 0:01:00]} Nxc3 {[%emt 0:02:52]} 1/2-1/2